| 000 | 00530nam a2200181Ia 4500 | ||
|---|---|---|---|
| 005 | 20250423095004.0 | ||
| 008 | 250422s9999 xx 000 0 und d | ||
| 020 | _a9789785337128 | ||
| 050 | _aQA 76.73 .C153 .S56/ | ||
| 100 | _aShola, P. B. | ||
| 245 | 0 | _aData structures and algorithms with c++ and java | |
| 260 | _aIbadan | ||
| 260 | _bGeorgy Printing Services | ||
| 260 | _c2014 | ||
| 300 | _a177 p | ||
| 650 | _aC++ (Computer program language) Data structures (Computer science) Computer algorithms. | ||
| 942 | _cBK | ||
| 999 |
_c28900 _d28900 |
||